[Event "ROM-ch"]
[Site "Olanesti"]
[Date "2016.04.06"]
[Round "5"]
[White "Afloarei, Jenica"]
[Black "Miroi, Robert Andrei"]
[Result "1/2-1/2"]
[WhiteElo "1774"]
[BlackElo "1985"]
[PlyCount "118"]
[EventDate "2016.04.02"]
[EventType "swiss"]
[EventRounds "9"]
[EventCountry "ROU"]
[SourceTitle "CBM 171 Extra"]
[Source "ChessBase"]
[SourceDate "2016.04.26"]
[SourceVersion "1"]
[SourceVersionDate "2016.04.26"]
[SourceQuality "1"]

1. e4 c5 2. Nf3 e6 3. Nc3 Nc6 4. d4 cxd4 5. Nxd4 Nf6 6. Nxc6 bxc6 7. Bg5 Bb4 8. Qf3 Bxc3+ 9. bxc3 h6 10. Bxf6 gxf6 11. Bc4 d5 12. Bb3 Bb7 13. 0-0-0 Qe7 14. Kb2 0-0-0 15. exd5 cxd5 16. Qe3 Kb8 17. Rd4 Rd6 18. Rhd1 Rb6 19. Ka1 Qc7 20. g3 Rc8 21. c4 e5 22. Rh4 d4 23. Qxh6 Ba6 24. Qc1 Bxc4 25. Qa3 Bxb3 26. cxb3 Qc2 27. Rb1 Qc3+ 28. Qb2 Rbc6 29. Qxc3 Rxc3 30. a4 Rc2 31. Rb2 f5 32. Kb1 Rc1+ 33. Ka2 e4 34. Rh5 d3 35. Rxf5 Rd8 36. Rd2 Re1 37. Rb5+ Ka8 38. Rc5 Re2 39. Rcc2 dxc2 40. Rxd8+ Kb7 41. Kb2 Rxf2 42. Re8 f5 43. g4 fxg4 44. Rxe4 Rxh2 45. Rxg4 Kb6 46. Rb4+ Kc6 47. Rc4+ Kb6 48. Rxc2 Rxc2+ 49. Kxc2 Kc6 50. b4 Kb6 51. Kd3 Kc7 52. Kd4 Kd6 53. b5 Kc7 54. Kc5 Kb7 55. a5 Kc7 56. Kd5 Kb7 57. Kd6 Kb8 58. Kc6 Kc8 59. b6 Kb8 1/2-1/2

[Event "Agneaux St Lo op U20 16th"]
[Site "Agneaux"]
[Date "2014.07.08"]
[Round "3"]
[White "Carlier, Nathan"]
[Black "Miroi, Robert Andrei"]
[Result "1/2-1/2"]
[WhiteElo "1521"]
[BlackElo "1862"]
[PlyCount "58"]
[EventDate "2014.07.06"]
[EventType "swiss"]
[EventRounds "9"]
[EventCountry "FRA"]
[SourceTitle "EXT 2015"]
[Source "ChessBase"]
[SourceDate "2014.11.20"]
[SourceVersion "1"]
[SourceVersionDate "2014.11.20"]
[SourceQuality "1"]

1. e4 c5 2. c3 d5 3. exd5 Qxd5 4. Nf3 Nf6 5. d4 e6 6. Bf4 cxd4 7. Qxd4 Nc6 8. Qxd5 Nxd5 9. Bg3 Be7 10. Bc4 Nb6 11. Bb3 0-0 12. 0-0 Bd7 13. Nbd2 Na5 14. Bc2 f6 15. Rad1 e5 16. Rfe1 Nc6 17. Bb3+ Kh8 18. Nc4 Bg4 19. Nxb6 axb6 20. h3 Bxf3 21. gxf3 Rfd8 22. f4 Bd6 23. fxe5 Bxe5 24. Bxe5 Nxe5 25. Rxd8+ Rxd8 26. Rd1 Rxd1+ 27. Bxd1 Nd3 28. b3 Nc1 29. a4 Na2 1/2-1/2

[Event "ROM-ch U16"]
[Site "Calimanesti"]
[Date "2014.04.11"]
[Round "7"]
[White "Secheres, Adrian Simion"]
[Black "Miroi, Robert Andrei"]
[Result "1-0"]
[WhiteElo "2200"]
[BlackElo "1841"]
[PlyCount "81"]
[EventDate "2014.04.06"]
[EventType "swiss"]
[EventRounds "9"]
[EventCountry "ROU"]
[SourceTitle "CBM 160 Extra"]
[Source "ChessBase"]
[SourceDate "2014.07.01"]
[SourceVersion "1"]
[SourceVersionDate "2014.07.01"]
[SourceQuality "1"]

1. d4 Nf6 2. c4 e6 3. Nc3 Bb4 4. e3 0-0 5. Nge2 Re8 6. a3 Bf8 7. Nf4 d5 8. cxd5 exd5 9. Bd3 c5 10. 0-0 c4 11. Bc2 Nc6 12. Nh5 Be6 13. b3 Nxh5 14. Qxh5 g6 15. Qf3 b5 16. bxc4 bxc4 17. Ba4 Qd6 18. Rd1 Bg7 19. Nb5 Qd7 20. Qg3 Rec8 21. Bd2 a6 22. Nc3 Qc7 23. Qf3 Qd6 24. Rab1 Rab8 25. Bxc6 Qxc6 26. Qf4 Rb3 27. Be1 a5 28. a4 Bf5 29. Rbc1 Re8 30. f3 Bd3 31. Bf2 f5 32. Nb5 Bf8 33. g4 fxg4 34. Qxg4 Bh6 35. Re1 Bf5 36. Qg3 Bxe3 37. Nd6 Bxf2+ 38. Kxf2 Rb2+ 39. Kg1 Rf8 40. Re7 Rb6 41. Qe5 1-0

[Event "ROM-ch U12"]
[Site "Voineasa"]
[Date "2010.04.11"]
[Round "6"]
[White "Miroi, Robert Andrei"]
[Black "Dolana, Andrei Theodor"]
[Result "1/2-1/2"]
[WhiteElo "1749"]
[BlackElo "1956"]
[PlyCount "57"]
[EventDate "2010.04.08"]
[EventType "swiss"]
[EventRounds "9"]
[EventCountry "ROU"]
[SourceTitle "EXT 2020"]
[Source "ChessBase"]
[SourceDate "2019.10.17"]
[SourceVersion "1"]
[SourceVersionDate "2019.10.17"]
[SourceQuality "1"]

1. e4 e5 2. Nf3 Nc6 3. Bc4 Bc5 4. c3 Nf6 5. d4 exd4 6. cxd4 Bb4+ 7. Bd2 Nxe4 8. Bxb4 Nxb4 9. Bxf7+ Kxf7 10. Qb3+ d5 11. Qxb4 Rf8 12. 0-0 Kg8 13. Nc3 c5 14. dxc5 Rxf3 15. Nxe4 Rf4 16. Rad1 Be6 17. f3 Qf8 18. g3 Rxf3 19. Nd2 Rxf1+ 20. Rxf1 Qe7 21. Qd4 a5 22. b3 Rc8 23. Rc1 b6 24. c6 Qb4 25. Nf3 h6 26. Qxb4 axb4 27. Nd4 Bg4 28. Nb5 Rf8 29. c7 1/2-1/2